Indian librarianship : (Record no. 123485)

MARC details
000 -LEADER
fixed length control field 00874nam a22002657a 4500
005 - DATE AND TIME OF LATEST TRANSACTION
control field 20170124105926.0
010 ## - LIBRARY OF CONGRESS CONTROL NUMBER
LC control number 668089
020 ## - INTERNATIONAL STANDARD BOOK NUMBER
Terms of availability 00
035 ## - SYSTEM CONTROL NUMBER
System control number 668089
037 ## - SOURCE OF ACQUISITION
Source of stock number/acquisition Cen Lib/Ret
040 ## - CATALOGING SOURCE
Original cataloging agency DPL
Language of cataloging EN
082 ## - DEWEY DECIMAL CLASSIFICATION NUMBER
Classification number 020.954
245 ## - TITLE STATEMENT
Title Indian librarianship :
Statement of responsibility, etc edited by Sat Paul Goyal
Remainder of title essays in honour of S.R. Bhatia /
246 ## - VARYING FORM OF TITLE
Remainder of title
260 ## - PUBLICATION, DISTRIBUTION, ETC. (IMPRINT)
Name of publisher, distributor, etc M/s. Scientific Book Store
Date of publication, distribution, etc 1972
Place of publication, distribution, etc Delhi
270 ## - ADDRESS
City Delhi
Address 3241, dharampura, chawri bazar
300 ## - PHYSICAL DESCRIPTION
Extent xxx, 205p.:
Dimensions 23m(Hb)
Other physical details ill.
500 ## - GENERAL NOTE
General note Includes bibliographical references
650 ## - SUBJECT ADDED ENTRY--TOPICAL TERM
Topical term or geographic name as entry element Library Science
9 (RLIN) 6387
650 ## - SUBJECT ADDED ENTRY--TOPICAL TERM
Topical term or geographic name as entry element Library movements
9 (RLIN) 6388
650 ## - SUBJECT ADDED ENTRY--TOPICAL TERM
Topical term or geographic name as entry element पुस्तकालय विज्ञान
9 (RLIN) 6389
650 ## - SUBJECT ADDED ENTRY--TOPICAL TERM
Topical term or geographic name as entry element लाइब्रेरी आंदोलन
9 (RLIN) 702
700 ## - ADDED ENTRY--PERSONAL NAME
Personal name Goyal, Sat Paul
9 (RLIN) 6390
942 ## - ADDED ENTRY ELEMENTS (KOHA)
Source of classification or shelving scheme Dewey Decimal Classification
Koha item type English Books
Classification part 020.954
Call number suffix GOY
Holdings
Withdrawn status Lost status Damaged status Not for loan Collection code Home library Current library Date acquired Source of acquisition Cost, normal purchase price Total Checkouts Full call number Barcode Date last seen Copy number Cost, replacement price Price effective from Koha item type
      Not For Loan Reference Central Library Central Library 06/06/2015 Cen Lib/Ret 0.00   020.954 GOY 668089 06/06/2015 1 0.00 06/06/2015 English Books

© Delhi Public Library
Hit Counter
free hit counter